| 000 | 00345nam a2200121Ia 4500 | ||
|---|---|---|---|
| 008 | 231129s2001||||xx |||||||||||||| ||spa|| | ||
| 040 | _bspa | ||
| 082 | _a323 C718d | ||
| 245 | 0 | _aLa desaparicion Forzada y los Derechos de las Victimas de violaciones a los Derechos Humanos. | |
| 260 | _c2001 | ||
| 264 | _aImprenta Nacional. | ||
| 942 |
_2ddc _cBKS |
||
| 999 |
_c16845 _d16845 |
||